Vliv epistemických komunit na mezinárodní jednání o problému kosmické tříště

Pojem epistemická komunita. Znaky epistemických komunít a špecifiká ich pôsobenia v medzinárodnej politike. Aktéri zapojení do politických rokovaní o kozmickom odpade. Medzinárodné organizácie ako epistemické komunity. Medzinárodný inštitút pre kozmické právo. Aktivita epistemických komunít v politi...

Descrizione completa

Salvato in:
Dettagli Bibliografici
Autore principale: Machoň, Miloslav
Natura: Capitolo di libro
Lingua:ceco
Soggetti:
Tags: Aggiungi Tag
Nessun Tag, puoi essere il primo ad aggiungerne!!

MARC

LEADER 00000naa a2200000 4500
001 0210909
005 20231208075941.3
041 0 |a cze 
044 |a CZ 
245 1 0 |a Vliv epistemických komunit na mezinárodní jednání o problému kosmické tříště  |c Miloslav Machoň 
520 |a Pojem epistemická komunita. Znaky epistemických komunít a špecifiká ich pôsobenia v medzinárodnej politike. Aktéri zapojení do politických rokovaní o kozmickom odpade. Medzinárodné organizácie ako epistemické komunity. Medzinárodný inštitút pre kozmické právo. Aktivita epistemických komunít v politických jednaniach o kozmickom odpade. 
610 2 0 |a vzťahy medzinárodné 
610 2 0 |a politika medzinárodná 
610 2 0 |a organizácie medzinárodné 
610 2 0 |a právo medzinárodné 
610 2 0 |a odpad 
100 1 |a Machoň, Miloslav